Manual de derecho laboral /
Guardado en:
| Autor Principal: | |
|---|---|
| Formato: | Capítulo de libro |
| Idioma: | Spanish |
| Publicado: |
Buenos Aires :
LexisNexis,
2007.
|
| Edición: | 3º ed. |
| Materias: | |
| Etiquetas: |
Agregar Etiqueta
Sin Etiquetas, Sea el primero en etiquetar este registro!
|
| LEADER | 00668naa a22001935a 4500 | ||
|---|---|---|---|
| 001 | DER.der007028 | ||
| 008 | 180615s2007####ag#||||||||||||||#||spa|| | ||
| 005 | 20210702121939.0 | ||
| 245 | 1 | 0 | |a Manual de derecho laboral / |c Julio Armando Grisolía |
| 250 | |a 3º ed. | ||
| 260 | |a Buenos Aires : |b LexisNexis, |c 2007. | ||
| 300 | |a 1048 p. | ||
| 100 | 1 | |a Grisolía, Julio Armando | |
| 653 | |a DERECHO LABORAL | ||
| 653 | |a SEGURIDAD SOCIAL | ||
| 859 | |a DERECHO |b BIB. DERECHO |h 344 |i GRI |k 1.27 |p 005643 |t 1 | ||
| 859 | |a DERECHO |b BIB. DERECHO |h 344 |i GRI |k 1.27 |p 005644 |t 2 | ||
| 859 | |a DERECHO |b BIB. DERECHO |h 344 |i GRI |k 1.27 |p 005674 |t 3 | ||
| 859 | |a DERECHO |b BIB. DERECHO |h 344 |i GRI |k 1.27 |p 005675 |t 4 | ||
